Nyitra Vármegye
Zobrazenie: Farebne zvýraznené hranice území v rámci Nitrianskej župy. Mapové pole presahuje za všetky mapové rámy
| Other Authors: | |
|---|---|
| Format: | Map |
| Language: | Hungarian Latin |
| PhysicalDescription: | 1 mapa farebná na liste 28 x 32 cm |
| Published: |
[Maďarsko?]
[vydavateľ neznámy]
1811
|
| Subjects: |
MARC
| LEADER | 00000nfm a2200000 4500 | ||
|---|---|---|---|
| 001 | vtls010272088 | ||
| 003 | SK-MaSNL | ||
| 005 | 20260302011723.0 | ||
| 007 | aj cazza | ||
| 008 | 110418s1811 hu d a 1 r hun | ||
| 015 | |a SNBC1811 | ||
| 034 | 1 | |a a | |
| 040 | |a SNK |b slo |c SNK |e rda | ||
| 041 | 0 | |a hun |a lat | |
| 043 | |a e-xo--- |a e-hu--- | ||
| 044 | |a hu |c HU | ||
| 072 | 7 | |a 912 |x Mapy. Atlasy |2 konspekt | |
| 080 | |a 352/353 |2 2011 | ||
| 080 | |a (439.2) |2 2011 | ||
| 080 | |a (437.614) |2 2011 | ||
| 245 | 0 | 0 | |a Nyitra Vármegye |c Karacs metsz |
| 246 | 3 | 1 | |a (Comitatus Nitriensis) |
| 255 | |a Német Mértföld (Milliare Germanicum) | ||
| 255 | |a Magyar Mértföld (Milliare Hungaricum) | ||
| 264 | 1 | |a [Maďarsko?] |b [vydavateľ neznámy] |c 1811 | |
| 300 | |a 1 mapa |b farebná |c na liste 28 x 32 cm | ||
| 336 | |a kartografický obraz |b cri |2 rdacontent | ||
| 337 | |a nesprostredkovaný |b n |2 rdamedia | ||
| 338 | |a list |b nb |2 rdacarrier | ||
| 500 | |a Na dokumente je vpravo hore uvedené: "2" | ||
| 500 | |a Na dokumente je vľavo dole uvedené: "Készült 1811 Eszt." | ||
| 500 | |a Na dokumente je dole uvedené: "Nagy Méltóságú Monyorókeréki Gróf Erdődy József Udvari Kanczellárius Ő Exczellentziájának Nyitra Vármegye Fő Ispánnijának mély tisztelettel ajánlja a Kiadó" | ||
| 500 | |a Na dokumente je uvedené: "Longitudo Occidentalis a Meridiano Budensi" | ||
| 520 | 8 | |a Zobrazenie: Farebne zvýraznené hranice území v rámci Nitrianskej župy. Mapové pole presahuje za všetky mapové rámy | |
| 546 | |a Súbežný názov je v latinčine | ||
| 580 | |a Mapa sa vyskytuje aj v dielach: "Magyar Átlás az, az magyar, Horvát, és Tót országok´ Vármegyéji´, ´s Szabad Kerületei´ a´ határ-örzö Katonaság´ Vidékinek közönséges és különös Tábláji", "Magyar Atlasz azaz a´magyar-, horvát- és tótországi megyék és szabad kerületek földképei", "[Magyar Atlasz...?] z roku 1811", "Magyar Atlasz azaz a´magyar-, horvát- és tótországi megyék és szabad kerületei´és a´határ - örzö Katonaság´ Vidékinek közönséges és különös Táblájik" a "Magyar Atlasz azaz a´magyar-, horvát- és tótországi megyék és szabad kerületek földképei" | ||
| 650 | 0 | 7 | |a župy |2 SNKPH |9 30635 |
| 650 | 0 | 7 | |a Counties |2 SNKPHeng |9 192062 |
| 651 | 7 | |a Nitrianska župa (Slovensko) |2 SNKPHgeo |9 267093 | |
| 651 | 7 | |a Nitra (Slovensko : okres) |2 SNKPHgeo |9 24094 | |
| 651 | 7 | |a Nitra (Slovakia : district) |2 SNKPHeng |9 274576 | |
| 651 | 7 | |a Hungary |2 SNKPHeng |9 265263 | |
| 651 | 7 | |a Uhorsko |2 SNKPHgeo |9 28673 | |
| 655 | 7 | |a historické mapy |2 SNKPH |9 118303 | |
| 655 | 7 | |a geografické mapy |2 SNKPH |9 15153 | |
| 655 | 7 | |a administratívne mapy |2 SNKPH |9 324677 | |
| 655 | 7 | |a Historical maps |2 SNKPHeng |9 298063 | |
| 700 | 1 | |a Erdődi, Jozef, |d 1754-1824 |4 hnr |9 466795 | |
| 700 | 1 | |a Karacs, Ferenc, |d 1770-1838 |4 egr |9 652570 | |
| 787 | 0 | 8 | |i Súvisiace dielo: |t Magyar Átlás az, az magyar, Horvát, és Tót országok´ Vármegyéji´, ´s Szabad Kerületei´ a´ határ-örzö Katonaság´ Vidékinek közönséges és különös Tábláji |d Viennae: közre botsátotta Görög, Folytatta és végezte Márton Jósef, a´ Bétsi Universzit. Professor, c1802-1811 |w vtls008613108 |
| 787 | 0 | 8 | |i Súvisiace dielo: |t Magyar Atlasz azaz a´magyar-, horvát- és tótországi megyék és szabad kerületek földképei |d Pesten: Kiadta Hartleben Konrád Adolf, c1860 |w vtls001359669 |
| 787 | 0 | 8 | |i Súvisiace dielo: |t [Magyar Atlasz...?] |d [Pest?: nie pred c1811] |w vtls010174331 |
| 787 | 0 | 8 | |i Súvisiace dielo: |t Magyar Atlasz azaz a´magyar-, horvát- és tótországi megyék és szabad kerületei´és a´határ - örzö Katonaság´ Vidékinek közönséges és különös Táblájik |d Viennae: közre botsátotta Görög, c1802 |w vtls012224552 |
| 787 | 0 | 8 | |i Súvisiace dielo: |t Magyar Atlasz azaz a´magyar-, horvát- és tótországi megyék és szabad kerületek földképei |d Pesten: Kiadta Hartleben Konrád Adolf, c1848 |w vtls010129533 |
| 852 | |a Slovenská národná knižnica | ||
| 954 | |a mapy cudzojazyčné (svetové) |2 lita | ||
| 958 | |a ONDV | ||
| 958 | |a CRBN | ||
| 958 | |a CRG | ||
| 999 | |c 1007156 |d 1009086 | ||
| 952 | |a SNK |b SNK |y PREZ |7 0 |p 17A1284730 |o snkSLCm 52 |i snkK 1240/62 |8 3 |0 0 |1 0 |4 0 |d 2022-06-03 |l 0 |r 2026-02-24 12:39:59 |w 2026-02-24 | ||


